Genshin Impact 5* Bows by Picture - Statistics

General Stats
  • This quiz has been taken 45 times
  • The average score is 7 of 10
Answer Stats
Picture Answer % Correct
Skyward Harp
86%
Amos' Bow
81%
Aqua Simulacra
78%
Polar Star
72%
The First Great Magic
72%
Hunter's Path
69%
Thundering Pulse
69%
Elegy for the End
61%
Astral Vulture's Crimson Plumage
50%
Silvershower Heartstrings
39%
No matching quizzes found
Score Distribution
Percent of People with Each Score
Percentile by Number Answered
Your Score History
You have not taken this quiz